000 00677cab a2200229 4500
001 WB3109-43
008 090401t1995 xxu||||| |||| 00| 0 eng d
035 _a(Sirsi) u15660
041 _aeng
245 _aOverseas offices
260 _c1995
350 _a0
490 _aProperty Week
_v50(9) 2 March 1995, 12(1)
520 _aColliers Erdman Lewis have the largest number of overseas offices, ahead of DTZ Debenham Thorpe and Hillier Parker.
650 _aABOUT RICS-RICS MEMBERS
650 _aOVERSEAS
650 _aRANKINGS
650 _aREPRESENTATION
690 _aMANAGEMENT-BUSINESS MANAGEMENT-PROFESSIONAL PRACTICE
942 _n0
948 _c04/03/1997
999 _c10296
_d10296